000 00448nam a22001577a 4500
005 20240108122509.0
008 190427b xxu||||| |||| 00| 0 eng d
020 _aNI266
041 _aeng
100 _aGOKHALE , S.B.,BAHETI,DR. D.G.,JADHAV,DR.R.B.,KALASKAR,DR. M.G.,AND KULKARNI,DR. YOGESH
_98301
245 _aCOMPILATION OF SELECTED HERBEL DRUG
250 _a3rd, 2019
260 _aPUNE
_bNIRALI PRAKASHAN
300 _a1.5 p,
942 _cBK
999 _c5831
_d5829